000 01133nam0a22002531 4500
001 rc\1080932
005 20041126173621.9
035 _a(NLR Aleph) 006329311
090 _a7528240
_c7528240
100 _a20041126d1984 u |0rusy50 ca
101 0 _arus
102 _aRU
105 _ay |||||||||
200 1 _aСОВЕРШЕНСТВОВАНИЕ форм и методов преподавания общественных дисциплин
_e(Метод. рекомендации)
_e(Сб. ст.)
_fМ-во просвещения РСФСР. Каз. гос. пед. ин-т
_g(Сост. С.И. Камалеева, к. ист. н., доц. и др.
_gОтв. ред. д. ист. н., проф. Тутаов М.З.)
210 _aКазань
_cКГПИ
_d1984
215 _a26 с.
_d20
702 1 _aКамалеева
_bС. И.
_gСветлана Исламовна
_4220
702 1 _aТутаев
_bМ. З.
_gМунавар Закирович
_4340
712 0 2 _aКазанский пед. ин-т
_3RU\NLR\AUTH\8812677
801 0 _aRU
_bNLR
_gpsbo
801 1 _aRU
_bELAR
_2rusmarc
852 _aNLR
_j87-4/6912
942 _cBOOK
980 _aNB